000 00517nam a2200181Ia 4500
005 20250508152853.0
008 008 250505s9999 xx 000 0 eng d
037 _aTextual
040 _aFEDL
_beng
_cFEDL
041 _aeng
_2eng
084 _a376, CRO
_qFEDL
100 _aCronkhite Bernice Brown (et al....)
_9762614
245 0 _aGraduate education for women
260 _aCambridge
_bHarvard University Press
_c1956
300 _a135p.
942 _cTEXL
_h376, CRO
999 _c1339306
_d1339306